Los europeos desaprueban la política exterior de G.W. Bush
En este artículo se analizan algunos aspectos de las políticas económicas de la administración de G.W. Bush y cómo han influido en las relaciones diplomáticas con los europeos especialmente. La decisión más criticada es el rechazo de Bush a ratificar el protocolo de Kyoto, sobre gases de efecto inve...
Guardado en:
| Format: | Texto |
|---|---|
| Fag: | |
| Tags: |
Tilføj Tag
Ingen Tags, Vær først til at tagge denne postø!
|
MARC
| LEADER | 00000 a a2200000 04500 | ||
|---|---|---|---|
| 001 | 6510 | ||
| 003 | |||
| 040 | |||
| 245 | |a Los europeos desaprueban la política exterior de G.W. Bush | ||
| 520 | |a En este artículo se analizan algunos aspectos de las políticas económicas de la administración de G.W. Bush y cómo han influido en las relaciones diplomáticas con los europeos especialmente. La decisión más criticada es el rechazo de Bush a ratificar el protocolo de Kyoto, sobre gases de efecto invernadero. Se considera que la gota que rebalsó el vaso y que desconcierta a la opinión inernacional es la propuesta de "ley de protección al personal militar norteamericano". /MSD | ||
| 650 | |a DIPLOMACIA | ||
| 650 | |a PRESIDENTES | ||
| 650 | |a RELACIONES INTERNACIONALES | ||
| 650 | |a POLITICA GUBERNAMENTAL | ||
| 773 | |g volumen 22, número 964; páginas 8-9 | ||
| 999 | |c 20844 |d 20844 | ||
